000 00326nam a22001337a 4500
008 180913b xxu||||| |||| 00| 0 eng d
020 _a9780321279088
041 _aeng
080 _23 ED
_a510
100 _a37
101 _aMAT
245 _aCollege Algebra With Modeling And Visualizartion
_cGary.r
942 _2udc
_cBK
999 _c47725
_d47725